00317nam a2200109Ia 4500008004100000041000800041082001600049100001800065245006300083260002900146300003200175240624s9999 xx 000 0 und d aeng a332.632 MOG aMOGUL SAMIR S aTAX AND FINANCIAL PLANNING GUIDE FOR INVESTORS AND TRADER  c2008aNew DelhibTaxmann ai-63, : 621 : p. : cm. ; 24